000 00282nam a22001337a 4500
008 180131b xxu||||| |||| 00| 0 eng d
020 _a090472770
041 _aeng
080 _a574
100 _a9
101 _amje
245 _abackyard pig farming
_cann.w
942 _2udc
_cBK
999 _c41344
_d41344